00543nam a2200241Ia 4500008004000000041000800040082001200048100002600060245007000086260003500156650000800191650000800199650000700207650001000214650001200224650001100236650000700247650000800254650001000262650001100272650000900283650000900292210210b1928 xxu||||| |||| 00| 0 eng d aeng a920/147 aPILLAI (Ananda Ranga) aPrivate diary of Ananda Ranga Pillai Vol XII Jan 1760 to Jan 1761 aMadrasbGovernment Pressc1928 aXII aVol ato aRanga aPrivate aPillai aof aJan adiary aAnanda a1761 a1760